Classical Composer by Piece - Statistics

General Stats
  • This quiz has been taken 60 times
  • The average score is 34 of 61
Answer Stats
Piece Composer % Correct
The Four Seasons Vivaldi
100%
Swan Lake Tchaikovsky
93%
The Nutcracker Tchaikovsky
93%
Toccata and Fugue in D Minor J.S. Bach
89%
The Magic Flute Mozart
89%
Fur Elise Beethoven
85%
Moonlight Sonata Beethoven
85%
Nocturnes Chopin
81%
Brandenburg Concertos J.S. Bach
81%
The Planets Holst
76%
Eine Kleine Nachtmusik Mozart
76%
Bolero Ravel
72%
The New World Symphony Dvorak
70%
Rhapsody in Blue Gershwin
70%
Messiah Handel
70%
The Rite of Spring Stravinsky
70%
1812 Overture Tchaikovsky
70%
The Well Tempered Clavier J.S. Bach
69%
The Marriage of Figgaro Mozart
69%
Gymnopedies Satie
69%
The Carnival of the Animals Saint-Saens
67%
The Blue Danube Strauss II
67%
Etudes Chopin
65%
The Firebird Stravinsky
65%
Carmen Bizet
63%
Peer Gynt Grieg
63%
Water Music Handel
63%
Hungarian Rhapsodies Liszt
59%
Pastoral Symphony Beethoven
57%
Hungarian Dances Brahms
57%
The Art of Fugue J.S. Bach
57%
Don Giovani Mozart
57%
Goldberg Variations J.S. Bach
54%
La Mer Debussy
50%
Carmina Burana Orff
50%
Der Ring des Nibelungen Wagner
50%
Adagio for Strings Barber
48%
Emperor Concerto Beethoven
48%
24 Preludes Chopin
48%
Prelude a l'apres-midi d'un faune Debussy
48%
St Mathew Passion J.S. Bach
48%
La Traviata Verdi
48%
Appassionata Beethoven
46%
Jupiter Symphony Mozart
46%
Pictures at an Exhibition Mussorgsky
44%
Tristan and Isolde Wagner
44%
Heroic Symphony Beethoven
43%
The Barber of Seville Rossini
43%
Also Sprach Zarathustra Strauss
39%
Symphony Pathetique Tchaikovsky
39%
Resurrection Symphony Mahler
37%
La Boheme Puccini
37%
Slavonic Dances Dvorak
35%
Pavane pour une infante defunte Ravel
35%
Romeo and Juliet Prokofiev
33%
Trois Nocturnes Debussy
28%
Canon in D Pachalbel
7%
Ave Maria Gounod
4%
Symphonie Fantastique Berloiz
2%
Scheherazade Rimsy-Korsavov
0%
Tannhauser Wager
0%
No matching quizzes found
Score Distribution
Percent of People with Each Score
Percentile by Number Answered
Your Score History
You have not taken this quiz